Federation in East Africa: opportunities and problems

Gorde:
Xehetasun bibliografikoak
Egile Nagusiak: Leys, Colin (Egilea), Robson, Peter (Egilea)
Formatua: Liburua
Hizkuntza:ingelesa
Argitaratua: Londres Oxford University Press 1965
Gaiak:
Etiketak: Etiketa erantsi
Etiketarik gabe, Izan zaitez lehena erregistro honi etiketa jartzen!

MARC

LEADER 00000nam a2200000 a 4500
001 UCT7764
003 CL-VaPUC
008 970317e19650000UK |||||||||||||||||eng|d
082 0 4 |a 321.02  |b LEY  |2 21 
100 0 |a Leys, Colin  |e author  |9 378865 
700 0 |a Robson, Peter  |e author  |9 378866 
245 1 0 |a Federation in East Africa: opportunities and problems 
300 |a 244 p 
942 |c BK 
945 |d 19970317 00:00:00  |a nastorga 
260 |a Londres  |b Oxford University Press  |c 1965 
650 0 |a Economía   |9 255568 
650 0 |a Federalismo  |9 313886 
650 0 |a Administración  |9 259325 
650 0 |a Integración   |9 316470 
650 0 |a Costos   |9 261063 
650 7 |a BENEFICIOS  |2 CL-VaPUC  |9 378867 
650 0 |a Agricultura  |9 255598 
650 0 |a Producción   |9 263680 
650 0 |a Política  |9 255312 
650 0 |a Bancos  |9 254963 
650 7 |a LEGISLACION  |2 CL-VaPUC  |9 378868 
583 |a last modification  |c 19970317 00:00:00  |k Rodrigo Vera 
999 |c 256311  |d 256309 
952 |0 0  |1 0  |4 0  |6 321_020000000000000_LEY_1965  |7 0  |8 A  |9 278977  |a BIBDER  |b BIBDER  |d 2019-11-19  |i 1810537  |o 321.02 LEY 1965  |p 1810537  |r 2023-01-25  |w 2019-11-19  |y BK  |k DER